Lễ hội dân gian của người Việt ở Quảng Bình
Giới thiệu vài nét về điều kiện tự nhiên, lịch sử và dân cư Quảng Bình. Trình bày tổng quan về lễ hội dân gian và một số lễ hội dân gian người Việt ở Quảng Bình. Đồng thời đưa ra các định hướng bảo tồn, phát huy giá trị văn hoá dân gian của người Việt ở vùng đất này...
Đã lưu trong:
| Tác giả chính: | |
|---|---|
| Tác giả khác: | |
| Định dạng: | Sách |
| Ngôn ngữ: | Vietnamese |
| Được phát hành: |
H.
Văn hoá dân tộc
2011
|
| Những chủ đề: | |
| Các nhãn: |
Thêm thẻ
Không có thẻ, Là người đầu tiên thẻ bản ghi này!
|
| Thư viện lưu trữ: | Mạng thư viện Đại học Đà Nẵng |
|---|
| LEADER | 01682aam a22003618a 4500 | ||
|---|---|---|---|
| 001 | 000015943 | ||
| 003 | 12331 | ||
| 005 | 20120606150625.0 | ||
| 008 | 120606s2011 viesd | ||
| 020 | |a 9786047000487 |d 2000b | ||
| 041 | 0 | |a vie | |
| 082 | 1 | 4 | |2 14 |a 394.26959745 |b NG-L |
| 100 | 1 | |a Nguyễn Văn Lợi | |
| 245 | 1 | 0 | |a Lễ hội dân gian của người Việt ở Quảng Bình |c Nguyễn Văn Lợi, Nguyễn Văn Mạnh |
| 260 | |a H. |b Văn hoá dân tộc |c 2011 | ||
| 300 | |a 293tr. |b bảng, ảnh |c 21cm | ||
| 500 | |a ĐTTS ghi: Hội Văn nghệ dân gian Việt Nam | ||
| 504 | |a Phụ lục: tr. 279-283. - Thư mục: tr. 287-291 | ||
| 520 | |a Giới thiệu vài nét về điều kiện tự nhiên, lịch sử và dân cư Quảng Bình. Trình bày tổng quan về lễ hội dân gian và một số lễ hội dân gian người Việt ở Quảng Bình. Đồng thời đưa ra các định hướng bảo tồn, phát huy giá trị văn hoá dân gian của người Việt ở vùng đất này | ||
| 650 | 7 | |2 Bộ TK TVQG |a Văn hoá dân gian | |
| 650 | 7 | |2 Bộ TK TVQG |a Lễ hội cổ truyền | |
| 651 | 7 | |2 Bộ TK TVQG |a Quảng Bình | |
| 700 | 1 | |a Nguyễn Văn Mạnh | |
| OWN | |a LSP | ||
| AVA | |a UDN50 |b LSP |d 394.26959745 NG-L |e available |t Error 5001 Not defined in file expand_doc_bib_avail. |f 1 |g 0 |h N |i 0 |k 1 | ||
| 999 | |a From the UDN01 | ||
| AVA | |a UDN50 |b LSP |d 394.26959745 NG-L |e available |t Error 5001 Not defined in file expand_doc_bib_avail. |f 1 |g 0 |h N |i 0 |k 1 | ||
| TYP | |a Monograph | ||
| TYP | |a Printed language | ||
| 980 | |a Mạng thư viện Đại học Đà Nẵng | ||


